000 00614nam a2200193Ia 4500
003 OSt
005 20251001103515.0
008 220926b |||||||| |||| 00| 0 eng d
037 _cReference
040 _aRTL
_cRTL
_beng
041 _2eng
_aeng
084 _aR3xM72, H0/SC
_qRTL
100 _aRussell Bertrand
_9371108
245 0 _aInquiry into meaning and truth
260 _aHarmondsworth
_bPenguin Books
_c1940
300 _a332 p.
_ccm.
_bIncludes bibliographical references and index.
942 _hR3xM72, H0/SC
_cREF
_2CC
_n0
999 _c691346
_d691346